Discursos cesarianos
Salvato in:
| Autore principale: | |
|---|---|
| Natura: | Libro |
| Lingua: | spagnolo |
| Pubblicazione: |
Madrid
Alianza
1991
|
| Serie: | El Libro de Bolsillo. Sección Clásicos, 1547
|
| Soggetti: | |
| Tags: |
Aggiungi Tag
Nessun Tag, puoi essere il primo ad aggiungerne!!
|
MARC
| LEADER | 00000nam a2200000 a 4500 | ||
|---|---|---|---|
| 001 | UCM2018 | ||
| 003 | CL-VaPUC | ||
| 008 | 020419e19910000SP |||||||||||||||||spa|d | ||
| 082 | 0 | 4 | |a 875 |b CIC |2 21 |
| 100 | |a Cicerón, Marco Tulio |e autor |9 255203 | ||
| 245 | 1 | 0 | |a Discursos cesarianos |
| 300 | |a 155 p | ||
| 942 | |c BK | ||
| 945 | |d 20020419 00:00:00 |a cmena | ||
| 260 | |a Madrid |b Alianza |c 1991 | ||
| 650 | 0 | |a Oratoria latina |9 266621 | |
| 650 | 0 | |a Discursos latinos |9 266716 | |
| 583 | |a last modification |c 20020419 00:00:00 |k Rodrigo Vera | ||
| 490 | 0 | |a El Libro de Bolsillo. Sección Clásicos, 1547 | |
| 999 | |c 300108 |d 300106 | ||
| 952 | |0 0 |1 0 |4 0 |6 875_000000000000000_CIC_1991 |7 0 |8 A |9 357432 |a BIBHIS |b BIBHIS |d 2019-11-21 |i 3809048 |o 875 CIC 1991 |p 3809048 |r 2025-01-20 |w 2019-11-21 |y BK |k HIS | ||